Normal view
MARC view
- MAHNOOR, ALIYA
Entry Personal Name
001 - CONTROL NUMBER
- control field: 125949
003 - CONTROL NUMBER IDENTIFIER
- control field: NUST
005 - DATE AND TIME OF LATEST TRANSACTION
- control field: 20240920164003.0
008 - FIXED-LENGTH DATA ELEMENTS
- fixed length control field: 240920|| aca||aabn | a|a d
040 ## - CATALOGING SOURCE
- Original cataloging agency: NUST
- Transcribing agency: NUST
100 ## - HEADING--PERSONAL NAME
- Personal name: MAHNOOR, ALIYA
670 ## - SOURCE DATA FOUND
- Source citation: Work cat.: (NUST): MAHNOOR, ALIYA, EVALUATING THE IMPACT OF DIGITAL LEARNING TOOLS ON THE COGNITIVE AND SOCIAL DEVELOPMENT IN PRIMARY EDUCATION /
